[Event "ISL-chT1 2122"]
[Site "Reykjavik"]
[Date "2021.10.02"]
[Round "4.3"]
[White "Edvardsson, Kristjan"]
[Black "Sigurjonsson, Stefan Thor"]
[Result "1-0"]
[WhiteElo "2201"]
[BlackElo "2088"]
[PlyCount "113"]
[EventDate "2021.09.30"]
[EventType "team-tourn"]
[EventRounds "10"]
[EventCountry "ISL"]
[SourceTitle "EXT 2022"]
[Source "ChessBase"]
[SourceDate "2021.10.06"]
[SourceVersion "1"]
[SourceVersionDate "2021.10.06"]
[SourceQuality "1"]
[WhiteTeam "Taflfelag Gardabaejar"]
[BlackTeam "Vikingaklubburinn"]
[WhiteTeamCountry "ISL"]
[BlackTeamCountry "ISL"]

1. d4 d5 2. c4 e6 3. Nf3 Nf6 4. g3 c6 5. Bg2 Bd6 6. 0-0 Nbd7 7. Qc2 0-0 8. Nbd2 b6 9. Rd1 Bb7 10. e4 dxe4 11. Ng5 Qe7 12. Ndxe4 Nxe4 13. Bxe4 f5 14. Bg2 h6 15. Nh3 g5 16. c5 bxc5 17. dxc5 Bxc5 18. b3 Nf6 19. Bb2 Nd5 20. Qe2 Kh7 21. Re1 Rae8 22. Qh5 Rg8 23. Rac1 Bb4 24. f4 gxf4 25. gxf4 Nf6 26. Qh4 Bxe1 27. Rxe1 Ne4 28. Qh5 c5 29. Rxe4 Rxg2+ 30. Kxg2 Bxe4+ 31. Kf2 Rg8 32. Ng5+ Rxg5 33. fxg5 e5 34. Qxh6+ Kg8 35. Qg6+ Kf8 36. Ba3 Bb1 37. h4 Bxa2 38. Qc6 Kg8 39. Bxc5 Qf7 40. b4 Bb1 41. Qd6 Be4 42. Ke1 Qa2 43. Qg6+ Kh8 44. Qe8+ Kh7 45. g6+ Kh6 46. Be3+ f4 47. Bxf4+ exf4 48. Qxe4 Qh2 49. Qe7 Kxg6 50. Qg5+ Kh7 51. h5 Qh1+ 52. Kf2 Qe4 53. Qc5 a6 54. Qa7+ Kh6 55. Qxa6+ Kxh5 56. Qe2+ Qxe2+ 57. Kxe2 1-0

[Event "ISL-chT1 1819"]
[Site "Reykjavik"]
[Date "2019.03.01"]
[Round "7.2"]
[White "Thorfinnsson, Bjorn"]
[Black "Edvardsson, Kristjan"]
[Result "1-0"]
[WhiteElo "2411"]
[BlackElo "2190"]
[PlyCount "55"]
[EventDate "2018.11.08"]
[EventType "team-tourn"]
[EventRounds "9"]
[EventCountry "ISL"]
[SourceTitle "CBM 189 Extra"]
[Source "ChessBase"]
[SourceDate "2019.06.03"]
[SourceVersion "1"]
[SourceVersionDate "2019.06.03"]
[SourceQuality "1"]
[WhiteTeam "Vikingaklubburinn"]
[BlackTeam "Skakfelagidj Huginn"]
[WhiteTeamCountry "ISL"]
[BlackTeamCountry "ISL"]

1. d4 d6 2. Nf3 Nf6 3. Bg5 Nbd7 4. Nbd2 c5 5. e3 e6 6. Bd3 Be7 7. Qe2 cxd4 8. exd4 Qa5 9. a3 0-0 10. h4 Re8 11. 0-0-0 b5 12. g4 Rb8 13. Nb3 Qb6 14. Bd2 Bb7 15. Rh3 Bd5 16. Rg1 Qc6 17. Na5 Qa8 18. h5 Ne4 19. g5 Nf8 20. Bb4 g6 21. Rg4 f5 22. gxf6 Nxf6 23. Rgg3 Nxh5 24. Rxh5 Bxf3 25. Rxf3 gxh5 26. Rg3+ Kh8 27. Be4 d5 28. Qxh5 1-0

[Event "Reykjavik op"]
[Site "Reykjavik"]
[Date "2018.03.11"]
[Round "6"]
[White "Edvardsson, Kristjan"]
[Black "Pedersen, Lars Wisler"]
[Result "1-0"]
[WhiteElo "2217"]
[BlackElo "1842"]
[PlyCount "57"]
[EventDate "2018.03.06"]
[EventType "swiss"]
[EventRounds "9"]
[EventCountry "ISL"]
[SourceTitle "CBM 183 Extra"]
[Source "ChessBase"]
[SourceDate "2018.04.19"]
[SourceVersion "1"]
[SourceVersionDate "2018.04.19"]
[SourceQuality "1"]

1. Nf3 d5 2. c4 d4 3. g3 c5 4. b4 cxb4 5. a3 e6 6. axb4 Nf6 7. Bg2 Be7 8. Qa4+ Bd7 9. b5 Bc8 10. b6+ Nc6 11. Ne5 Qxb6 12. Nxc6 Bd7 13. Qa5 Bc5 14. Qxb6 Bxb6 15. Ne5 Rc8 16. Bxb7 Rc7 17. Bg2 Ke7 18. Ba3+ Ke8 19. 0-0 Nh5 20. Bd6 Rc8 21. Bb7 Rd8 22. c5 f6 23. Nc4 Bb5 24. Nba3 Bxc4 25. Nxc4 Bc7 26. Bxc7 Rd7 27. Bc6 Ke7 28. Rxa7 Rc8 29. Bd6+ 1-0

[Event "Reykjavik op"]
[Site "Reykjavik"]
[Date "2018.03.10"]
[Round "9"]
[White "Edvardsson, Kristjan"]
[Black "Meyer, Juergen"]
[Result "1-0"]
[WhiteElo "2217"]
[BlackElo "1926"]
[PlyCount "72"]
[EventDate "2018.03.06"]
[EventType "swiss"]
[EventRounds "9"]
[EventCountry "ISL"]
[SourceTitle "EXT 2019"]
[Source "ChessBase"]
[SourceDate "2018.10.10"]
[SourceVersion "1"]
[SourceVersionDate "2018.10.10"]
[SourceQuality "1"]

1. d4 d5 2. c4 c6 3. Nf3 Nf6 4. e3 Bf5 5. Nc3 e6 6. Nh4 Bg6 7. Be2 Bd6 8. g3 Nbd7 9. Qb3 Rb8 10. 0-0 0-0 11. Nxg6 hxg6 12. Bd2 Re8 13. Rfd1 Qe7 14. Be1 Rec8 15. Rac1 dxc4 16. Bxc4 Nb6 17. Bd3 Nbd5 18. Ne2 e5 19. e4 Nb6 20. dxe5 Bxe5 21. f4 Bc7 22. e5 Nfd5 23. Bf2 Qb4 24. Qc2 Qa5 25. a3 Re8 26. Bc5 Bd8 27. b4 Qa4 28. Qb2 Nd7 29. Bf2 Bb6 30. Nd4 Nf8 31. Bc4 Rbd8 32. Qa2 Ne6 33. Bb3 Qa6 34. b5 Qa5 35. Nxe6 Rxe6 36. Bxd5 cxd5 1-0

[Event "Reykjavik op"]
[Site "Reykjavik"]
[Date "2018.03.07"]
[Round "2"]
[White "Kvetny, Mark"]
[Black "Edvardsson, Kristjan"]
[Result "1-0"]
[WhiteElo "2408"]
[BlackElo "2217"]
[PlyCount "61"]
[EventDate "2018.03.06"]
[EventType "swiss"]
[EventRounds "9"]
[EventCountry "ISL"]
[SourceTitle "CBM 183 Extra"]
[Source "ChessBase"]
[SourceDate "2018.04.19"]
[SourceVersion "1"]
[SourceVersionDate "2018.04.19"]
[SourceQuality "1"]

1. d4 d5 2. c4 e6 3. Nc3 Nf6 4. cxd5 exd5 5. Bg5 c6 6. e3 Qb6 7. Qc2 Ne4 8. Bf4 Bd6 9. Bxd6 Nxd6 10. Bd3 Na6 11. a3 g6 12. f3 Bf5 13. e4 dxe4 14. fxe4 Be6 15. Nge2 0-0 16. 0-0 Rad8 17. Kh1 Bb3 18. Qc1 c5 19. d5 c4 20. Bb1 Nc5 21. e5 Nd3 22. Bxd3 cxd3 23. Nf4 Nc4 24. Ne4 Qd4 25. Nf6+ Kh8 26. Nxg6+ fxg6 27. Qh6 Rf7 28. Nxh7 Kg8 29. Rxf7 Kxf7 30. Rf1+ Ke8 31. Nf6+ 1-0

[Event "ISL-chT 1718"]
[Site "Reykjavik"]
[Date "2018.03.01"]
[Round "6.2"]
[White "Birkisson, Bardur Orn"]
[Black "Edvardsson, Kristjan"]
[Result "1-0"]
[WhiteElo "2164"]
[BlackElo "2206"]
[PlyCount "103"]
[EventDate "2017.10.19"]
[EventType "team-tourn"]
[EventRounds "9"]
[EventCountry "ISL"]
[SourceTitle "EXT 2019"]
[Source "ChessBase"]
[SourceDate "2018.10.10"]
[SourceVersion "1"]
[SourceVersionDate "2018.10.10"]
[SourceQuality "1"]
[WhiteTeam "Reykjavik Taflfelag"]
[BlackTeam "Huginn II"]
[WhiteTeamCountry "ISL"]
[BlackTeamCountry "ISL"]

1. e4 c6 2. d4 d5 3. Nd2 dxe4 4. Nxe4 Bf5 5. Ng3 Bg6 6. h4 h6 7. Nf3 Nd7 8. h5 Bh7 9. Bd3 Bxd3 10. Qxd3 e6 11. Bd2 Ngf6 12. 0-0-0 Be7 13. Ne4 Nxe4 14. Qxe4 Nf6 15. Qe2 0-0 16. Kb1 Qd5 17. Be3 Ng4 18. Bc1 Rfd8 19. Nh4 Nf6 20. Be3 b5 21. g4 Ne4 22. Nf3 Rab8 23. Nd2 Nxd2+ 24. Bxd2 Rb6 25. Ba5 Ra6 26. c4 bxc4 27. Bxd8 Bxd8 28. Rc1 Bg5 29. Rcd1 Rb6 30. Rh3 Bf6 31. Rc3 Bxd4 32. Rxc4 c5 33. Rc2 e5 34. Re1 Qb7 35. Rg1 a5 36. Re1 a4 37. Rd1 a3 38. b3 Qg2 39. f3 Qxe2 40. Rxe2 c4 41. Kc2 cxb3+ 42. axb3 a2 43. Ree1 Rc6+ 44. Kd2 Bc3+ 45. Kd3 Bxe1 46. Rxe1 Kf8 47. Ra1 Ra6 48. Kc3 Ke7 49. Kb2 g6 50. Rxa2 Rxa2+ 51. Kxa2 Kd6 52. g5 1-0

[Event "Runavik op"]
[Site "Runavik"]
[Date "2017.11.21"]
[Round "2"]
[White "Edvardsson, Kristjan"]
[Black "Nihal, Sarin"]
[Result "0-1"]
[WhiteElo "2192"]
[BlackElo "2487"]
[PlyCount "104"]
[EventDate "2017.11.20"]
[EventType "swiss"]
[EventRounds "9"]
[EventCountry "FAI"]
[SourceTitle "CBM 181 Extra"]
[Source "ChessBase"]
[SourceDate "2017.12.12"]
[SourceVersion "1"]
[SourceVersionDate "2017.12.12"]
[SourceQuality "1"]

1. d4 Nf6 2. Nf3 g6 3. g3 c5 4. c3 b6 5. Bg2 Bb7 6. Qb3 cxd4 7. Ne5 d5 8. cxd4 Bg7 9. Qa4+ Nbd7 10. Nc3 a6 11. Bf4 Rc8 12. 0-0 e6 13. Nxd7 Nxd7 14. e4 b5 15. Qb3 Bxd4 16. Rad1 Bxc3 17. bxc3 0-0 18. exd5 e5 19. Bh6 Re8 20. Rfe1 Nb6 21. Bh3 Rc4 22. Bg2 Bxd5 23. Rxd5 Nxd5 24. Rd1 e4 25. Bf1 Rxc3 26. Qxd5 Qxd5 27. Rxd5 Rc2 28. Rd2 Rxd2 29. Bxd2 Rc8 30. Bb4 Rc1 31. a3 f5 32. h4 h5 33. Kg2 Rc2 34. Kg1 Ra2 35. Bc5 Kf7 36. Bg2 Ke6 37. Bf8 Kd5 38. Bf1 Ra1 39. Kg2 Ra2 40. Kg1 Kc6 41. Be7 Rb2 42. Bf6 Rb3 43. Be7 Kd5 44. Be2 a5 45. Kf1 b4 46. axb4 a4 47. b5 a3 48. Bf6 Rb1+ 49. Kg2 a2 50. Bf1 a1Q 51. Bxa1 Rxa1 52. Be2 Rb1 0-1

[Event "Reykjavik op"]
[Site "Reykjavik"]
[Date "2016.03.16"]
[Round "10"]
[White "Diaz, Franck"]
[Black "Edvardsson, Kristjan"]
[Result "0-1"]
[WhiteElo "2060"]
[BlackElo "2228"]
[PlyCount "139"]
[EventDate "2016.03.08"]
[EventType "swiss"]
[EventRounds "10"]
[EventCountry "ISL"]
[SourceTitle "CBM 171 Extra"]
[Source "ChessBase"]
[SourceDate "2016.04.26"]
[SourceVersion "1"]
[SourceVersionDate "2016.04.26"]
[SourceQuality "1"]

1. e4 c6 2. Nf3 d5 3. exd5 cxd5 4. Ne5 Nf6 5. d4 g6 6. c3 Bg7 7. Bd3 Nbd7 8. Nxd7 Bxd7 9. 0-0 0-0 10. Re1 Re8 11. Bg5 Qb6 12. Qb3 Qd6 13. Nd2 Ng4 14. g3 f6 15. Ne4 Qb6 16. Nc5 Qxb3 17. axb3 Bc6 18. Bd2 e5 19. h3 Nh6 20. b4 a6 21. dxe5 fxe5 22. b5 axb5 23. Rxa8 Rxa8 24. Ne6 Nf7 25. Bc1 Bf6 26. Bxb5 Ra2 27. Bf1 e4 28. Nf4 Ne5 29. Be2 Kf7 30. Kf1 Be7 31. Rd1 Ra1 32. Be3 Rxd1+ 33. Bxd1 g5 34. Ne2 Nd3 35. b4 Bd7 36. Kg2 Ne1+ 37. Kf1 Nf3 38. Kg2 Bf6 39. Bb3 Ke6 40. Bd4 Nxd4 41. Nxd4+ Kd6 42. Bd1 Ke5 43. Bb3 Be7 44. Nc2 b5 45. g4 Bd8 46. Kg3 Bb6 47. Ba2 d4 48. cxd4+ Bxd4 49. Ne3 Bc3 50. Nc2 Bc6 51. Bg8 h6 52. Bf7 Bd2 53. Bg6 Bd5 54. h4 Bf4+ 55. Kh3 Bc4 56. Ne3 Be2 57. h5 Kd4 58. Nf5+ Kc4 59. Kg2 Bxg4 60. Nxh6 Bf3+ 61. Kh3 Be5 62. Ng4 Bd4 63. Nh2 Bh1 64. Kg4 Bxf2 65. Nf1 e3 66. h6 e2 67. h7 Bd4 68. Ne3+ Kc3 69. Nc2 Bh8 70. Kxg5 0-1

[Event "Reykjavik op"]
[Site "Reykjavik"]
[Date "2016.03.12"]
[Round "6"]
[White "O'Gorman, Tom"]
[Black "Edvardsson, Kristjan"]
[Result "1-0"]
[WhiteElo "2067"]
[BlackElo "2228"]
[PlyCount "127"]
[EventDate "2016.03.08"]
[EventType "swiss"]
[EventRounds "10"]
[EventCountry "ISL"]
[SourceTitle "CBM 171 Extra"]
[Source "ChessBase"]
[SourceDate "2016.04.26"]
[SourceVersion "1"]
[SourceVersionDate "2016.04.26"]
[SourceQuality "1"]

1. e4 c5 2. Nf3 e6 3. d4 cxd4 4. Nxd4 Nc6 5. Nxc6 bxc6 6. Bd3 Nf6 7. 0-0 d5 8. e5 Nd7 9. f4 Qb6+ 10. Kh1 Nc5 11. Nc3 Nxd3 12. cxd3 Be7 13. d4 0-0 14. Rf3 f5 15. Na4 Qb4 16. a3 Qb5 17. Rc3 a5 18. Be3 Rb8 19. Rac1 Bd7 20. Qc2 Rfd8 21. Rb1 Bb4 22. axb4 axb4 23. Rc5 b3 24. Qd1 Qxa4 25. Ra1 Qb4 26. Rca5 Rdc8 27. h3 c5 28. dxc5 Qe4 29. Qd2 Bc6 30. Bd4 g5 31. fxg5 f4 32. Re1 Qf5 33. Rf1 Rf8 34. Rf3 Qxg5 35. Ra3 Be8 36. Raxb3 Rc8 37. Rg3 Qxg3 38. Rxg3+ fxg3 39. Qg5+ Kh8 40. Qxg3 Bg6 41. Be3 Rf1+ 42. Kh2 Rg8 43. Bg5 Be4 44. Qh4 Rg6 45. c6 Rf7 46. g4 d4 47. Bf6+ Kg8 48. g5 Bxc6 49. Qxd4 Rd7 50. Qc3 Bb7 51. h4 Kf7 52. h5 Rg8 53. Qc2 Ke8 54. g6 hxg6 55. hxg6 Ba6 56. g7 Kf7 57. Qc6 Bc8 58. Qf3 Rxg7 59. Bxg7+ Kxg7 60. Qf6+ Kh7 61. Kg3 Rd3+ 62. Kf4 Bd7 63. b4 Rd1 64. Qh4+ 1-0

[Event "ISL-chT 1516"]
[Site "Reykjavik"]
[Date "2016.03.03"]
[Round "6.5"]
[White "Halldorsson, Halldor Brynjar"]
[Black "Edvardsson, Kristjan"]
[Result "1-0"]
[WhiteElo "2247"]
[BlackElo "2196"]
[PlyCount "71"]
[EventDate "2015.09.24"]
[EventType "team-tourn"]
[EventRounds "9"]
[EventCountry "ISL"]
[SourceTitle "EXT 2017"]
[Source "ChessBase"]
[SourceDate "2016.10.25"]
[SourceVersion "1"]
[SourceVersionDate "2016.10.25"]
[SourceQuality "1"]
[WhiteTeam "Akureyri"]
[BlackTeam "Huginn II"]
[WhiteTeamCountry "ISL"]
[BlackTeamCountry "ISL"]

1. e4 d6 2. d4 Nf6 3. Nc3 g6 4. h3 Bg7 5. Be3 Nbd7 6. g4 e5 7. d5 0-0 8. Nge2 Nc5 9. Ng3 a5 10. Be2 Bd7 11. h4 c6 12. g5 Ne8 13. h5 Nc7 14. hxg6 hxg6 15. dxc6 Bxc6 16. Bc4 b5 17. Bd5 Nxd5 18. exd5 Bd7 19. Bxc5 dxc5 20. Nce4 f5 21. gxf6 Rxf6 22. Qd2 Rf4 23. 0-0-0 Rc8 24. f3 c4 25. Qh2 c3 26. Qh7+ Kf8 27. Qxg6 cxb2+ 28. Kb1 Be8 29. Qh7 Qb6 30. Nh5 Qg6 31. Nxf4 exf4 32. Qh3 Rd8 33. Rdg1 Qf7 34. d6 Bd7 35. Qh8+ Qg8 36. Rxg7 1-0

[Event "ISL-chT 1516"]
[Site "Reykjavik"]
[Date "2015.09.25"]
[Round "2.3"]
[White "Edvardsson, Kristjan"]
[Black "Gretarsson, Hjorvar Steinn"]
[Result "0-1"]
[WhiteElo "2211"]
[BlackElo "2560"]
[PlyCount "124"]
[EventDate "2015.09.24"]
[EventType "team-tourn"]
[EventRounds "9"]
[EventCountry "ISL"]
[SourceTitle "EXT 2017"]
[Source "ChessBase"]
[SourceDate "2016.10.25"]
[SourceVersion "1"]
[SourceVersionDate "2016.10.25"]
[SourceQuality "1"]
[WhiteTeam "Huginn II"]
[BlackTeam "Huginn"]
[WhiteTeamCountry "ISL"]
[BlackTeamCountry "ISL"]

1. d4 f5 2. Nf3 Nf6 3. g3 g6 4. Bg2 Bg7 5. 0-0 0-0 6. b3 c5 7. Bb2 cxd4 8. Nxd4 d5 9. c4 e5 10. Nb5 d4 11. Ba3 Rf7 12. Nd6 Rc7 13. Nxc8 Qxc8 14. Bd6 Rd7 15. Bxe5 Nc6 16. Bxf6 Bxf6 17. Nd2 d3 18. Bd5+ Kg7 19. exd3 Qd8 20. Nf3 Bxa1 21. Qxa1+ Qf6 22. Bxc6 Qxa1 23. Rxa1 bxc6 24. Ne5 Rd6 25. f4 c5 26. Kf2 Ra6 27. Ke3 Rd8 28. a4 Rb6 29. a5 Rxb3 30. a6 Rc8 31. Ra5 Rc7 32. Ra2 Kf6 33. Kd2 g5 34. Kc2 Rb6 35. d4 cxd4 36. Kd3 gxf4 37. gxf4 Rb1 38. Kxd4 Re1 39. Rb2 Rd1+ 40. Ke3 Re1+ 41. Kd4 Ke6 42. Rb7 Re4+ 43. Kd3 Kd6 44. c5+ Rxc5 45. Rxa7 Rxf4 46. Nf7+ Kd5 47. Rd7+ Ke6 48. a7 Ra4 49. Rb7 Rd5+ 50. Ke3 Kf6 51. h4 Ra3+ 52. Ke2 Rda5 53. Ng5 Rxa7 54. Nxh7+ Ke5 55. Rb5+ Kf4 56. Ng5 Ra2+ 57. Kd3 R7a3+ 58. Kd4 Rd2+ 59. Kc4 Re3 60. Nf7 Rh2 61. Nd6 Rc2+ 62. Kd5 Re5+ 0-1

[Event "Reykjavik op"]
[Site "Reykjavik"]
[Date "2015.03.11"]
[Round "3"]
[White "Naroditsky, Daniel"]
[Black "Edvardsson, Kristjan"]
[Result "1-0"]
[WhiteElo "2633"]
[BlackElo "2176"]
[PlyCount "97"]
[EventDate "2015.03.10"]
[EventType "swiss"]
[EventRounds "10"]
[EventCountry "ISL"]
[SourceTitle "CBM 165 Extra"]
[Source "ChessBase"]
[SourceDate "2015.04.21"]
[SourceVersion "1"]
[SourceVersionDate "2015.04.21"]
[SourceQuality "1"]

1. e4 d6 2. d4 Nf6 3. Nc3 g6 4. f4 Bg7 5. Nf3 c5 6. dxc5 Qa5 7. Qd4 dxc5 8. Qc4 0-0 9. e5 Be6 10. Qa4 Qxa4 11. Nxa4 Nfd7 12. Be3 b6 13. Bd3 Nc6 14. Be4 Rac8 15. Ng5 Bf5 16. Bxf5 gxf5 17. 0-0-0 Ndb8 18. e6 fxe6 19. Nxe6 Rf6 20. Nxg7 Kxg7 21. Nc3 Re6 22. Bf2 Rd8 23. Rxd8 Nxd8 24. Rd1 Ndc6 25. Rd5 Rg6 26. g3 e6 27. Rd1 e5 28. fxe5 Nxe5 29. Be3 Nbc6 30. Bf4 Re6 31. Nb5 Ng6 32. Bd2 Re2 33. Bc3+ Kf7 34. Rd6 Nge5 35. Rh6 Rf2 36. b3 a6 37. Nd6+ Ke7 38. Nc8+ Kf7 39. Nxb6 Nd4 40. Bxd4 cxd4 41. Nc4 Ng4 42. Rxa6 Ne3 43. Ne5+ Kg7 44. Rc6 Rxh2 45. a4 Rg2 46. a5 Rxg3 47. a6 Rg1+ 48. Kb2 Nd1+ 49. Ka2 1-0

[Event "ISL-ch sf"]
[Site "Kopavogur"]
[Date "2014.05.31"]
[Round "8"]
[White "Birkisson, Bardur Orn"]
[Black "Edvardsson, Kristjan"]
[Result "0-1"]
[WhiteElo "1510"]
[BlackElo "2194"]
[PlyCount "66"]
[EventDate "2014.05.23"]
[EventType "swiss"]
[EventRounds "9"]
[EventCountry "ISL"]
[SourceTitle "CBM 160 Extra"]
[Source "ChessBase"]
[SourceDate "2014.07.01"]
[SourceVersion "1"]
[SourceVersionDate "2014.07.01"]
[SourceQuality "1"]

1. e4 d6 2. d4 Nf6 3. Nc3 g6 4. Nf3 Bg7 5. Bc4 0-0 6. 0-0 Nxe4 7. Nxe4 d5 8. Ned2 dxc4 9. Nxc4 b6 10. Re1 Bb7 11. c3 Nd7 12. Bg5 Nf6 13. Qc2 Bxf3 14. gxf3 Qd5 15. Bxf6 Bxf6 16. Nd2 Qh5 17. Qe4 Qg5+ 18. Kh1 Qxd2 19. Re2 Qh6 20. Rg1 Rad8 21. Qb7 Bg5 22. Rg2 Bf4 23. Rxe7 Bd6 24. Re2 Qc1+ 25. Rg1 Qf4 26. Rg2 Rde8 27. Re3 Rxe3 28. fxe3 Qxe3 29. Qe4 Qc1+ 30. Rg1 Qxb2 31. Rg2 Qa1+ 32. Rg1 Qxa2 33. f4 Qf2 0-1

[Event "ISL-ch sf"]
[Site "Kopavogur"]
[Date "2014.05.30"]
[Round "7"]
[White "Edvardsson, Kristjan"]
[Black "Baldvinsson, Loftur"]
[Result "0-1"]
[WhiteElo "2194"]
[BlackElo "2002"]
[PlyCount "80"]
[EventDate "2014.05.23"]
[EventType "swiss"]
[EventRounds "9"]
[EventCountry "ISL"]
[SourceTitle "CBM 160 Extra"]
[Source "ChessBase"]
[SourceDate "2014.07.01"]
[SourceVersion "1"]
[SourceVersionDate "2014.07.01"]
[SourceQuality "1"]

1. d4 Nf6 2. c4 g6 3. g3 Bg7 4. Bg2 0-0 5. Nc3 d6 6. Nf3 c6 7. 0-0 Nbd7 8. e4 Qa5 9. h3 Rb8 10. Bd2 Qa6 11. Qe2 e5 12. a4 exd4 13. Nxd4 Re8 14. Be3 Ne5 15. b3 Qa5 16. Rac1 a6 17. f4 Nh5 18. fxe5 Nxg3 19. Qf3 Nxf1 20. Rxf1 Rxe5 21. Qxf7+ Kh8 22. b4 Qd8 23. Qf2 c5 24. bxc5 dxc5 25. Nf3 Rh5 26. Nd5 Bxh3 27. Bxh3 Rxh3 28. Ng5 Qd7 29. Nxh3 Qxh3 30. Bxc5 Rc8 31. Re1 Qd3 32. Qe3 Qxc4 33. Nb6 Qxc5 34. e5 Bxe5 35. Qxc5 Rxc5 36. Re4 Bc7 37. Nd7 Rd5 38. Re7 Bd6 39. Rf7 Kg8 40. Rxh7 Rd1+ 0-1